000 003350000a22001450004500
005 20120302064935.0
942 _cBOOK
100 _a Sathe,Rajas
245 _a Laxumbai phasayache naye
250 _a 1st
260 _aPune:Swachanda prakashan,1989.
040 _aMar
365 _b20/-
650 _aNatak,Laxumbai phasavayache nay
999 _c363489
_d363486